Porady průvodce pro organizátory, vedoucí a účastníky porad

Saved in:
Bibliographic Details
Main Author: Bischof, Anita
Other Authors: Bischof, Klaus, Spáčil, Dušan
Format: Book
Language:Czech
Published: Praha Grada Publishing 2003
Series:Poradce pro praxi
Subjects:
Tags: Add Tag
No Tags, Be the first to tag this record!

MARC

LEADER 00000nam a2200000 4500
001 c143961
005 20230220122918.0
020 |a 80-247-0407-2 
041 0 |a cze 
044 |a CZ 
245 1 0 |a Porady  |b průvodce pro organizátory, vedoucí a účastníky porad  |c Anita Bischof, Klaus Bischof ; [preklad: Dušan Spáčil] 
264 1 |a Praha  |b Grada Publishing  |c 2003 
300 |a 107 s. 
490 1 |a Poradce pro praxi 
830 0 |a Poradce pro praxi 
610 2 0 |a porady 
610 2 0 |a schôdze 
610 2 0 |a účasť na riadení 
610 2 0 |a spolurozhodovanie 
610 2 0 |a rozhodovanie 
610 2 0 |a plánovanie 
610 2 0 |a vedenie 
610 2 0 |a brainstorming 
610 2 0 |a komunikácia 
610 2 0 |a komunikácia manažérska 
610 2 0 |a rozhovor 
100 1 |a Bischof, Anita 
700 1 |a Bischof, Klaus 
700 1 |a Spáčil, Dušan